Ptáci podle obrázku #4 - Statistics

General Stats
  • This quiz has been taken 19 times
  • The average score is 9 of 16
Answer Stats
Picture Answer % Correct
Kachna divoká
100%
Orel královský
100%
Holub hřivnáč
94%
Husa velká
94%
Tetřev hlušec
88%
Dudek chocholatý
81%
Jeřáb popelavý
69%
Kormorán velký
63%
Krahujec obecný
56%
Kukačka obecná
56%
Slavík obecný
31%
Čírka obecná
19%
Ostříž lesní
19%
Hohol severní
13%
Bekasina otavní
6%
Lejsek malý
0%
No matching quizzes found
Score Distribution
Percent of People with Each Score
Percentile by Number Answered
Your Score History
You have not taken this quiz